A survey of frontier production functions and of their relationship to efficiency measurement (Registro nro. 26341)
[ vista simple ]
| 000 -LEADER | |
|---|---|
| fixed length control field | 00453 a2200133 4500 |
| 001 - CONTROL NUMBER | |
| control field | ART_12412 |
| 005 - DATE AND TIME OF LATEST TRANSACTION | |
| control field | 20260410161906.0 |
| 008 - FIXED-LENGTH DATA ELEMENTS--GENERAL INFORMATION | |
| fixed length control field | 260409a |
| 100 1# - MAIN ENTRY--PERSONAL NAME | |
| Personal name | Førsund, Finn Ragnar |
| 245 10 - TITLE STATEMENT | |
| Title | A survey of frontier production functions and of their relationship to efficiency measurement |
| 700 1# - ADDED ENTRY--PERSONAL NAME | |
| Personal name | Lovell, Knox C. A. |
| 700 1# - ADDED ENTRY--PERSONAL NAME | |
| Personal name | Schmidt, Peter |
| 773 0# - HOST ITEM ENTRY | |
| Title | Journal of econometrics |
| Related parts | - Vol. 13, Nº 1 (may. 1980) |
| Record control number | REV11720 |
No hay ítems disponibles.